Statistics for FC Porto Squad 2022-2023

Click here to take the quiz!

General Stats

  • This quiz has been taken 42 times
  • The average score is 20 of 28

Answer Stats

#PositionNationPlayer% Correct
3DFPortugalPepe
93%
11FWBrazilPepê
93%
99GKPortugalDiogo Costa
90%
16MFSerbiaMarko Grujić
83%
9FWIranMehdi Taremi
83%
12DFNigeriaZaidu Sanusi
80%
30FWBrazilEvanilson
77%
8MFColombiaMateus Uribe
77%
25MFPortugalOtávio
77%
46MFCanadaStephen Eustaquio
77%
28MFPortugalBruno Costa
73%
13FWBrazilGaleno
73%
5DFSpainMarcano
73%
-CoachPortugalSérgio Conceição
73%
4DFPortugalDavid Carmo
70%
2DFPortugalFábio Cardoso
70%
17DFPortugalRodrigo Conceição
70%
29FWSpainToni Martínez
70%
22DFBrazilWendell
70%
14GKPortugalCláudio Ramos
67%
19FWEnglandDanny Namaso
67%
23DFPortugalJoão Mário
63%
94GKBrazilSamuel
60%
7FWBrazilGabriel Veron
57%
18DFPortugalWilson Manafá
53%
20MFPortugalAndré Franco
47%
87MFPortugalBernardo Folha
47%
38FWBrazilFernando Andrade
33%

Score Distribution

Percentile by Number Answered

Percent of People with Each Score

Your Score History

You have not taken this quiz